| 000 | 01220nam a2200313 a 4500 | ||
|---|---|---|---|
| 001 | 000005035 | ||
| 005 | 20250311111111.0 | ||
| 008 | 090729s2000 dr a r 000 0 spa d | ||
| 040 |
_aDO-SdBNP _bspa _cBNPHU |
||
| 082 |
_a300 _bI61c, 2000 |
||
| 245 | 0 | 0 |
_aIntroducción a las ciencias sociales : _btextos guía de consulta / _cCeledonio Jiménez Santos... [et al.]. |
| 246 | 1 | 3 |
_aIC-011: _bTexto guía de consulta |
| 250 | _a2a. ed. | ||
| 260 |
_aSanto Domingo : _bUniversitaria-UASD, _c2000. |
||
| 300 |
_a320 p. : _bil. ; _c21 cm. |
||
| 490 | 1 |
_aPublicaciones de la Universidad Autónoma de Santo Domingo _v857 |
|
| 490 | 1 |
_aEstudios sociales _v1 |
|
| 500 | _aIncluye referencias bibliográficas y notas al pie de páginas | ||
| 504 | _aBibliografía: p. 318-320 | ||
| 590 | _aInventariado, 2018/VM | ||
| 650 | 0 |
_aCiencias sociales _91065 |
|
| 650 | 4 |
_aSociología _xHistoria _xColecciones de escritos _914498 |
|
| 650 | 0 |
_a Investigación _92 |
|
| 650 | 4 |
_aInvestigación social _914499 |
|
| 700 | 1 | 2 |
_aJiménez Santos, Celedonio _914500 |
| 830 | 0 |
_aPublicaciones de la Universidad Autónoma de Santo Domingo _n857 _914501 |
|
| 830 | 0 |
_aEstudios Sociales _n1 _914502 |
|
| 910 | _aValidado. Control de calidad MFF | ||
| 999 |
_c4840 _d4840 |
||